MARC details
| 000 -CABECERA |
| campo de control de longitud fija |
01520nam a2200229 a 4500 |
| 001 - NÚMERO DE CONTROL |
| campo de control |
000041609 |
| 005 - FECHA Y HORA DE LA ÚLTIMA TRANSACCIÓN |
| campo de control |
20201002035650.0 |
| 008 - DATOS DE LONGITUD FIJA--INFORMACIÓN GENERAL |
| campo de control de longitud fija |
131014s19782005sp g 000 0 spa d |
| 020 ## - NÚMERO INTERNACIONAL ESTÁNDAR DEL LIBRO |
| Número Internacional Estándar del Libro |
8400002245 |
| 040 ## - FUENTE DE LA CATALOGACIÓN |
| Centro catalogador/agencia de origen |
DO-SdBNP |
| Lengua de catalogación |
spa |
| Centro/agencia transcriptor |
BNPHU |
| 082 ## - NÚMERO DE LA CLASIFICACIÓN DECIMAL DEWEY |
| Número de clasificación |
xxx |
| Número de documento/Ítem |
xxx |
| 100 1# - ENTRADA PRINCIPAL--NOMBRE DE PERSONA |
| Nombre de persona |
Guerrero, Francisco |
| Fechas asociadas al nombre |
1528-1599 |
| 9 (RLIN) |
68382 |
| 245 10 - MENCIÓN DE TÍTULO |
| Título |
Opera Omnia. / |
| Mención de responsabilidad, etc. |
Francisco Guerrero; introducción, José M. Llorens Cisteró; semitonía, Karl H. Müller-Lancé. |
| 260 ## - PUBLICACIÓN, DISTRIBUCIÓN, ETC. |
| Lugar de publicación, distribución, etc. |
Barcelona, : |
| Nombre del editor, distribuidor, etc. |
Consejo Superior de Investigaciones Científicas |
| -- |
Instituto Español de Musicología, |
| Fecha de publicación, distribución, etc. |
1978-2005. |
| 300 ## - DESCRIPCIÓN FÍSICA |
| Extensión |
v. : |
| Otras características físicas |
mus. ; |
| Dimensiones |
33 cm. |
| 490 1# - MENCIÓN DE SERIE |
| Mención de serie |
Monumentos de la música española |
| Designación de volumen o secuencia |
36 |
| -- |
38 |
| -- |
43 |
| -- |
48 |
| -- |
51 |
| -- |
52 |
| -- |
56 |
| -- |
62 |
| -- |
68 |
| -- |
72 |
| 505 0# - NOTA DE CONTENIDO CON FORMATO |
| Información miscelánea |
v. 1 |
| Título |
Canciones y villanescas espirituales (Venecia 1589). Primera parte, a cinco voces |
| Información miscelánea |
v. 2 |
| Título |
Canciones y villanescas espirituales (Venecia 1589). Segunda parte, a cuatro y a tres voces |
| Información miscelánea |
v 3 |
| Título |
Motetes I-XXII |
| Información miscelánea |
v. 4 |
| Título |
Missarum liber primus |
| Información miscelánea |
v. 5 |
| Título |
Missarum liber secundus |
| Información miscelánea |
v. 7 |
| Título |
Missarum liber tertius |
| Información miscelánea |
v. 8 |
| Título |
Missarum liber quartus |
| Información miscelánea |
v. 9 |
| Título |
Missarum liber quintus |
| Información miscelánea |
v. 10 |
| Título |
Magnificat per omnes tonos |
| Información miscelánea |
v. 11 |
| Título |
Salmos de vísperas - pasionarios |
| Información miscelánea |
v. 13 |
| Título |
Motetes del santoral, XLVII-LXXV |
| Información miscelánea |
v. 14 |
| Título |
Motetes de tempore et alia, LXXVI-CVII |
| 500 ## - NOTA GENERAL |
| Nota general |
La biblioteca posee los volumenes: 3, 4, 5, 7, 8, 9, 10, 11, 13 y 14 |
| 700 1# - PUNTO DE ACCESO ADICIONAL--NOMBRE DE PERSONA |
| Nombre de persona |
Llorens Cisteró, José M. |
| Término indicativo de función/relación |
intr. |
| 9 (RLIN) |
68383 |
| 700 1# - PUNTO DE ACCESO ADICIONAL--NOMBRE DE PERSONA |
| Nombre de persona |
Müller-Lancé, Karl H. |
| Término indicativo de función/relación |
sem. |
| 9 (RLIN) |
68384 |
| 830 #0 - PUNTO DE ACCESO ADICIONAL DE SERIE-TÍTULO UNIFORME |
| Título uniforme |
Monumentos de la música española |
| Designación de volumen o secuencia |
36, 38, 43, 48, 51, 52, 56, 62, 68, 72 |
| 9 (RLIN) |
65588 |